000 00590nam a22002057a 4500
999 _c173914
_d173914
005 20200312115752.0
010 _aA-451897
020 _c60.00
_a-
035 _aA-451897
037 _bBPPD/Pub.
082 _aن
100 _aیوگیش کمار
245 _aبے نام قاتل /
_cیوگیش کمار
246 _aBe-Naam Qatil /
_bby Yogesh Kumar
260 _aDelhi
_bEducational Publishing House
_c1991 ء
270 _a3108 Gali Azizuddin Vakil, Kucha Pandit, Lal Kuan
_bDelhi
_e110006
300 _a157ص
_c22س م (Hb)
500 _a
942 _2ddc
_cUR
_hن
_mی و گ